| 000 | 00800cam a2200241 4500 | ||
|---|---|---|---|
| 001 | WB3634-01 | ||
| 008 | 000000n2000 000 0 eng u | ||
| 035 | _a(Sirsi) u108065 | ||
| 245 | _aRight of way costs £60,000 | ||
| 260 | _c2000 | ||
| 490 |
_aGuardian _v30 August 2000, 7(1) |
||
| 520 | _aHome owners are being told to pay up to £60,000 to access their homes via Yarningale common. Claverdon parish council wants to control the access of vehicles across the 40 acre stretch of land. | ||
| 590 | _aWB | ||
| 650 | _aCLAVERDON PARISH COUNCIL | ||
| 650 | _aYARNINGALE COMMON | ||
| 650 | _aLANDOWNERS | ||
| 650 | _aRIGHT OF PASSAGE | ||
| 650 | _aCOMMON LAND | ||
| 650 | _aACCESS | ||
| 650 | _aCOUNTRYSIDE AND RIGHTS OF WAY BILL | ||
| 690 |
_aBoundary disputes _96221 |
||
| 942 | _n0 | ||
| 999 |
_c64558 _d64558 |
||